000 00472nam a2200157 i 4500
001 34742
003 ES-MaACL
005 20230906155004.0
007 t|
008 030207s1906 sp ||||1| spa d
100 1 _aBonilla y San Martín, Adolfo,
_d1875-1926
_930193
245 1 0 _aPrograma de historia de la filosofía /
_cAdolfo Bonilla y San Martín.
260 _aMadrid :
_b[s.n.,
_c1906] (
_fV. Suárez)
852 _aES-MaACL
_j1491-F-5
999 _c34742
_d34742